عرض عادي
عرض مارك
- Ruddell, Martha Rapp.
مدخل إسم شخص
001 - رقم الضبط
- حقل الضبط: 5610
003 - معرف رقم الضبط
- حقل الضبط: OSt
005 - تاريخ ووقت أخر عملية
- حقل الضبط: 20111026174116.0
008 - عناصر بيانات ثابتة الطول
- حقل تحكم ثابت الطول: 111026|||a|||||| | ||| d
040 ## - مصدر الفهرسة
- هيئة الفهرسة الأصلية: OSt
- وكالة الكتابة: OSt
100 ## - مدخل -- أسم شخص
- إسم شخص: Ruddell, Martha Rapp.
670 ## - بيانات المصدر موجوده
- الاستشهاد بالمصدر: Work cat.: (OSt)0: Ruddell, Martha Rapp., Teaching content reading and writing /, c2001.
